Pratique de l'ingénierie des réseaux cellulaires : (Record no. 54624)
[ view plain ]
| 000 -LEADER | |
|---|---|
| fixed length control field | 00747nam a22002177a 4500 |
| 007 - PHYSICAL DESCRIPTION FIXED FIELD--GENERAL INFORMATION | |
| fixed length control field | 00 |
| 008 - FIXED-LENGTH DATA ELEMENTS--GENERAL INFORMATION | |
| fixed length control field | 160617b xxu||||| |||| 00| 0 eng d |
| 020 ## - INTERNATIONAL STANDARD BOOK NUMBER | |
| International Standard Book Number | 2-7462-1396-6 |
| 040 ## - CATALOGING SOURCE | |
| Original cataloging agency | BUAC |
| Transcribing agency | BUC |
| 041 ## - LANGUAGE CODE | |
| Language code of text/sound track or separate title | Fre. |
| 100 ## - MAIN ENTRY--PERSONAL NAME | |
| Personal name | Tabbane, Sami |
| 245 ## - TITLE STATEMENT | |
| Title | Pratique de l'ingénierie des réseaux cellulaires : |
| Remainder of title | du CSM/GPRS à L'UMTS |
| Statement of responsibility, etc | / par Sami Tabbane, Mohamed Tahar Missaoui |
| 260 ## - PUBLICATION, DISTRIBUTION, ETC. (IMPRINT) | |
| Place of publication, distribution, etc | Paris : |
| Name of publisher, distributor, etc | Lavoisier, |
| Date of publication, distribution, etc | 2006 |
| 300 ## - PHYSICAL DESCRIPTION | |
| Extent | 260 p. ; |
| Dimensions | 23 cm. |
| 440 ## - SERIES STATEMENT/ADDED ENTRY--TITLE | |
| Title | (Collection Réseaux et Télécoms / dir. par Guy Pujolle) |
| 521 ## - TARGET AUDIENCE NOTE | |
| Target audience note | Annexe. Tables d' Erlang B. pp. (251 -257)<br/>Index : pp. (259 -260) |
| 630 ## - SUBJECT ADDED ENTRY--UNIFORM TITLE | |
| Uniform title | SCIENCES APPLIQUEES |
| 650 ## - SUBJECT ADDED ENTRY--TOPICAL TERM | |
| Source of heading or term | Télécommunication : technique |
| 700 ## - ADDED ENTRY--PERSONAL NAME | |
| Personal name | Missaoui, Mohamed Tahar |
| 942 ## - ADDED ENTRY ELEMENTS (KOHA) | |
| Item type | Libre Accès |
| Withdrawn status | Lost status | Damaged status | Not for loan | Location (home branch) | Sublocation or collection (holding branch) | Date acquired | Source of acquisition | Coded location qualifier | Koha issues (times borrowed) | Koha full call number | Piece designation (barcode) | Koha date last seen | Copy number | Price effective from | Koha item type | Shelving location |
|---|---|---|---|---|---|---|---|---|---|---|---|---|---|---|---|---|
| Bibliothèque Universitaire Centrale | Bibliothèque Universitaire Centrale | 11/06/2015 | Don ARES | 16/380 | 621.39 TAB | 16-380BUC | 17/06/2016 | 1 | 17/06/2016 | Libre Accès | ||||||
| Bibliothèque Universitaire Centrale | Bibliothèque Universitaire Centrale | 17/07/2017 | Don ARES | 17/305 | 621.39 TAB | 17-305Buc | 17/07/2017 | 2 | 17/07/2017 | Libre Accès |